000 00698nam a2200193Ia 4500
008 230921s9999||||xx |||||||||||||| ||und||
020 _a978-3-319-90371-2
022 _a1611-3349
041 _aEN
100 _aJuan Moreno García-Loygorri, Antonio Pérez-Yuste, César Briso, Marion Berbineau, Alain Pirovano, Jaizki Mendizábal
245 0 _aCommunication Technologies for Vehicles
250 _a1st ed. 2018
260 _c2018
_bSpringer International Publishing
300 _b10796
440 _aLecture Notes in Computer Science
856 _uhttps://doi.org/10.1007/978-3-319-90371-2
856 _uhttps://link.springer.com/openurl?genre=book&isbn=978-3-319-90371-2
942 _cEB
999 _c249027
_d249027